000 00316 a2200133 4500
245 _aRhodesian Poetry
_hText
020 _a0797403817
250 _ano. 14
100 _aPoetry Society of Rhodesia
650 _aPOETRY
650 _aAFRCAN LITERATURE
005 20191017173034.0
260 _bPoetry Society of Rhodesia
_c1978
084 _aNONE
999 _c9713
_d9713